00798 2200229 4500001002100000005001700021008004100038035002400079082001000103090002100113100001200134245016500146260002700311300003500338500010300373500002600476650002300502850000900525980001300534985000600547999001500553YOGYA-0209000007202720090227093607.0 ind  0010-020900000072027 a628.3 a628.3bSup PlSK aSUPARKO aPenagruh pemasangan poster terhadap tingkat kebersiahan lingkungan dan perilaku siswa dalam membuang sampah di SDN terban caturtunggal depok,SlemancolehSuparko ayogykartab[s.n]c1995 avii,49[19] lembarbilusc30 cm aKarya Tulis Ilmiah pendidikan ahlimadya sanitasi dan lingkungan departemen kesehatan RI yogyakarta aBibliografi:lembar 50 aSampah, Pembuangan aBPAD a29-08-08 a1 a08A0036001